banner-ar

خزانة الادب ولب لباب لسان العرب / (Record no. 66618)

MARC details
000 -الفاتح
حقل البيانات ثابتة الطول 00809nam a2200217Ia 4500
005 - وقت وتاريخ اخر تعامل مع التسجيلة
رقم الضبط 20240530110929.0
008 - عناصر البيانات ثابتة الطول - معلومات عامة
حقل البيانات ثابتة الطول 140319s9999 xx 000 0 ara d
040 ## - مصدر الفهرسة
وكالة الفهرسة الأصلية GCL /
وكالة النسخ GCL
082 04 - رقم تصنيف ديوى العشرى
رقم التصنيف 415.1
رقم المادة ب خ
100 1# - المدخل الرئيسى - إسم شخصى
الإسم الشخصى البغدادى , عبدالقادر بن عمر
245 10 - بيان العنوان
العنوان خزانة الادب ولب لباب لسان العرب /
بيان المسئوليه,etc تاليف البغدادى , عبدالقادر بن عمر ؛ محقق عبدالسلام محمد هارون
260 ## - PUBLICATION, DISTRIBUTION, ETC. (IMPRINT)
تاريخ النشر أو التوزيع 1967
300 ## - الوصف المادى
التعداد متعدد ؛
تفاصيل ماديه اخرى للوعاء 24 سم
490 ## - بيان السلسلة
عنوان السلسلة تراثنا
500 0# - تبصرة عامة
تبصرة عامة 4 مجلد
650 04 - المدخل الاضافى بالموضوع-مصطلح موضوعى
مصطلح موضوعي النحو
650 04 - المدخل الاضافى بالموضوع-مصطلح موضوعى
مصطلح موضوعي فقه اللغة المقارن
650 04 - المدخل الاضافى بالموضوع-مصطلح موضوعى
مصطلح موضوعي تاريخ ونقد
942 ## - عناصر المدخل الإضافي( كوها)
مصدر التصنيف او مخطط الترفيف Dewey Decimal Classification
Koha [default] item type كتاب
260 ## - PUBLICATION, DISTRIBUTION, ETC. (IMPRINT)
-- [ القاهرة ] :
-- دار الكتاب العربى للطباعة والنشر ،
Holdings
حالة التراجع حالة الفقد مصدر التصنيف او خطة الترفيف حالة تلف ليس للاعارة المكان المؤقت الموقع الحالى موقع الترفيف تاريخ الاكتساب اجمالي اﻻعارات رقم الطلب الباركود تاريخ اخر مشاهدة تاريخ تفعيل السعر نوع وعاء كوها
    ddc     مكتبة القاهرة الكبرى مكتبة القاهرة الكبرى   08/21/2022   415.1 ب خ 168298 08/21/2022 08/21/2022 كتاب
    ddc     مكتبة القاهرة الكبرى مكتبة القاهرة الكبرى   08/21/2022   415.1 ب خ 168299 08/21/2022 08/21/2022 كتاب
    ddc     مكتبة القاهرة الكبرى مكتبة القاهرة الكبرى   08/21/2022   415.1 ب خ 168300 08/21/2022 08/21/2022 كتاب
    ddc     مكتبة القاهرة الكبرى مكتبة القاهرة الكبرى   08/21/2022   415.1 ب خ 168301 08/21/2022 08/21/2022 كتاب

Powered By

EGPV